000 01116nam a22002777a 4500
001 9210
003 FISKH
005 20251202113018.0
008 251202b cb ||||| |||| 00| 0 eng d
020 _a9781407104317
040 _aFISKH
_beng
_cFISKH
_dFISKH
050 _aDA557 .D43
082 _a941.081
100 _aDeary, Terry
245 _aVillainous victorians /
_cBy Terry Deary : Illustrated by Martin Brown
260 _aLondon :
_bScholastic ,
_c2008.
490 _aHorrible Stories
_vOriginal
505 _aT
520 _aReaders can discover all the foul facts about the VILLAINOUS VICTORIANS, including Why burglars were scared of bogies, which poet said he ate an ape and how a snick fadger might kiddy-nap your spangle. With a bold, accessible new look and a heap of extra-horrible bits, these bestselling titles are sure to be a huge hit with yet another generation of Terry Deary fans.
521 8 _a810
_bLexile
521 8 _aT
_bRaz-Plus
650 _aBritish history
_vNon-fiction
700 _aBrown, Martin
_eIllustrator
942 _2ddc
_cBK
_n0
999 _c9210
_d9210